[Event "Hessen-ch Seniors op 02nd"]
[Site "Bad Sooden-Allendorf"]
[Date "2006.05.01"]
[Round "7"]
[White "Scheffer, Ferdinand"]
[Black "Hoenisch, Florian"]
[Result "1/2-1/2"]
[WhiteElo "1605"]
[BlackElo "1662"]
[PlyCount "39"]
[EventDate "2006.04.25"]
[EventType "swiss"]
[EventRounds "9"]
[EventCountry "GER"]
[SourceTitle "EXT 2007"]
[Source "ChessBase"]
[SourceDate "2006.11.23"]
[SourceVersion "1"]
[SourceVersionDate "2006.11.23"]
[SourceQuality "1"]

1. b3 Nf6 2. Bb2 e6 3. e3 d5 4. Nf3 Be7 5. Be2 c5 6. d3 Nc6 7. 0-0 0-0 8. Nbd2 Qc7 9. Re1 b6 10. Nf1 Bb7 11. N3d2 Rad8 12. Bf3 e5 13. Qe2 Nb4 14. Rec1 e4 15. dxe4 dxe4 16. Bg4 Ba6 17. Nc4 Nc6 18. a4 Bxc4 19. bxc4 Nxg4 20. Qxg4 1/2-1/2

[Event "Hessen-ch Seniors op 02nd"]
[Site "Bad Sooden-Allendorf"]
[Date "2006.04.28"]
[Round "4"]
[White "Hoenisch, Florian"]
[Black "Nietsch, Horst"]
[Result "0-1"]
[WhiteElo "1662"]
[BlackElo "1887"]
[PlyCount "29"]
[EventDate "2006.04.25"]
[EventType "swiss"]
[EventRounds "9"]
[EventCountry "GER"]
[SourceTitle "EXT 2007"]
[Source "ChessBase"]
[SourceDate "2006.11.23"]
[SourceVersion "1"]
[SourceVersionDate "2006.11.23"]
[SourceQuality "1"]

1. e4 e6 2. d4 d5 3. Nc3 Bb4 4. e5 Ne7 5. Bd3 c5 6. Nf3 cxd4 7. Nxd4 Nbc6 8. Bb5 Bd7 9. Nxc6 bxc6 10. Be2 Ng6 11. f4 Qb6 12. Bd2 Nh4 13. Bf3 0-0 14. Na4 Qe3+ 15. Qe2 0-1

[Event "Hessen-ch Seniors op 01st"]
[Site "Bad Sooden-Allendorf"]
[Date "2005.04.27"]
[Round "6"]
[White "Hoenisch, Florian"]
[Black "Doehner, Hans Juergen"]
[Result "0-1"]
[WhiteElo "1650"]
[BlackElo "1907"]
[PlyCount "60"]
[EventDate "2005.04.22"]
[EventType "swiss"]
[EventRounds "9"]
[EventCountry "GER"]
[SourceTitle "EXT 2007"]
[Source "ChessBase"]
[SourceDate "2006.11.23"]
[SourceVersion "1"]
[SourceVersionDate "2006.11.23"]
[SourceQuality "1"]

1. e4 e5 2. Nf3 Nc6 3. Bb5 a6 4. Ba4 Nf6 5. 0-0 b5 6. Bb3 Bc5 7. Bd5 Qe7 8. Re1 Bb7 9. h3 0-0 10. c3 d6 11. d4 Bb6 12. Bg5 Rab8 13. Bxc6 Bxc6 14. d5 Bd7 15. Nbd2 c5 16. Nf1 h6 17. Bd2 Kh7 18. Qc2 g6 19. Rad1 Ng8 20. Ng3 f5 21. exf5 gxf5 22. Kh2 Kh8 23. Bf4 e4 24. Qd2 Kh7 25. Bxh6 Nxh6 26. Ng5+ Kg6 27. h4 Ng4+ 28. Kg1 c4 29. h5+ Kg7 30. Nh3 e3 0-1

[Event "Hessen-ch Seniors op 01st"]
[Site "Bad Sooden-Allendorf"]
[Date "2005.04.23"]
[Round "2"]
[White "Hoenisch, Florian"]
[Black "Eigenmann, Peter"]
[Result "1-0"]
[WhiteElo "1650"]
[BlackElo "1400"]
[PlyCount "65"]
[EventDate "2005.04.22"]
[EventType "swiss"]
[EventRounds "9"]
[EventCountry "GER"]
[SourceTitle "EXT 2007"]
[Source "ChessBase"]
[SourceDate "2006.11.23"]
[SourceVersion "1"]
[SourceVersionDate "2006.11.23"]
[SourceQuality "1"]

1. e4 d6 2. d4 Nf6 3. Nc3 g6 4. Bd3 Bg7 5. Nf3 0-0 6. 0-0 c6 7. h3 b5 8. Be3 a5 9. Qd2 b4 10. Ne2 Na6 11. c4 c5 12. e5 dxe5 13. Nxe5 cxd4 14. Bxd4 Bb7 15. Qe3 Nd7 16. Rad1 Qc7 17. Nxd7 Qxd7 18. Bxg7 Kxg7 19. Be4 Qc7 20. Nd4 Bxe4 21. Qxe4 Nc5 22. Qe3 Rfd8 23. Nb5 Qc6 24. Qxe7 Re8 25. Qd6 Qxd6 26. Rxd6 Re2 27. Rd5 Rc8 28. Nd6 Rc7 29. Rfd1 Ne4 30. Ne8+ Kh6 31. Nxc7 Rxf2 32. Re5 Re2 33. c5 1-0

[Event "Hessen-ch Seniors op 01st"]
[Site "Bad Sooden-Allendorf"]
[Date "2005.04.22"]
[Round "1"]
[White "Grabitz, Georg"]
[Black "Hoenisch, Florian"]
[Result "1-0"]
[WhiteElo "1914"]
[BlackElo "1650"]
[PlyCount "43"]
[EventDate "2005.04.22"]
[EventType "swiss"]
[EventRounds "9"]
[EventCountry "GER"]
[SourceTitle "EXT 2007"]
[Source "ChessBase"]
[SourceDate "2006.11.23"]
[SourceVersion "1"]
[SourceVersionDate "2006.11.23"]
[SourceQuality "1"]

1. d4 d5 2. Nf3 Nf6 3. Bf4 e6 4. e3 Nbd7 5. Nbd2 c5 6. c3 Be7 7. Ne5 0-0 8. Bd3 Nxe5 9. Bxe5 Nd7 10. Bg3 f5 11. 0-0 Nf6 12. f3 Bd7 13. Qe2 a6 14. Bf2 Rc8 15. e4 dxe4 16. fxe4 fxe4 17. Nxe4 Nxe4 18. Qxe4 g6 19. Bc4 Rf6 20. Bg3 cxd4 21. Rxf6 Rxc4 22. Rxg6+ 1-0

[Event "Bad Sooden-Allendorf Seniors op 16th"]
[Site "Bad Sooden-Allendorf"]
[Date "2004.04.28"]
[Round "7"]
[White "Hoenisch, Florian"]
[Black "Piastowski, Kurt"]
[Result "1/2-1/2"]
[WhiteElo "1733"]
[BlackElo "2107"]
[PlyCount "31"]
[EventDate "2004.04.22"]
[EventType "swiss"]
[EventRounds "9"]
[EventCountry "GER"]
[SourceTitle "EXT 2006"]
[Source "ChessBase"]
[SourceDate "2005.11.24"]
[SourceVersion "1"]
[SourceVersionDate "2005.11.24"]
[SourceQuality "1"]

1. e4 d6 2. d4 g6 3. Nc3 Bg7 4. Be3 Nf6 5. f4 a6 6. Nf3 b5 7. Bd3 Bb7 8. e5 Nd5 9. Nxd5 Bxd5 10. 0-0 Nd7 11. Qe1 Nb6 12. b3 Qd7 13. Qg3 e6 14. Rae1 Rc8 15. Nh4 Bf8 16. Nf3 1/2-1/2

[Event "Bad Sooden-Allendorf Seniors op 16th"]
[Site "Bad Sooden-Allendorf"]
[Date "2004.04.22"]
[Round "1"]
[White "Klovans, Janis"]
[Black "Hoenisch, Florian"]
[Result "1-0"]
[WhiteElo "2464"]
[BlackElo "1733"]
[PlyCount "33"]
[EventDate "2004.04.22"]
[EventType "swiss"]
[EventRounds "9"]
[EventCountry "GER"]
[SourceTitle "EXT 2006"]
[Source "ChessBase"]
[SourceDate "2005.11.24"]
[SourceVersion "1"]
[SourceVersionDate "2005.11.24"]
[SourceQuality "1"]

1. e4 c5 2. Nf3 d6 3. d4 cxd4 4. Nxd4 Nf6 5. Nc3 e6 6. Be3 a6 7. f3 Be7 8. Qd2 Qc7 9. 0-0-0 Bd7 10. g4 Nc6 11. g5 Nh5 12. f4 g6 13. f5 gxf5 14. exf5 exf5 15. Nd5 Qa5 16. Qxa5 Nxa5 17. Nc7+ 1-0

[Event "Bad Sooden-Allendorf Seniors op 15th"]
[Site "Bad Sooden-Allendorf"]
[Date "2003.04.30"]
[Round "2"]
[White "Zoll, Theobald"]
[Black "Hoenisch, Florian"]
[Result "1-0"]
[WhiteElo "1440"]
[BlackElo "1735"]
[PlyCount "93"]
[EventDate "2003.05.??"]
[EventType "swiss"]
[EventRounds "9"]
[EventCountry "GER"]
[SourceTitle "EXT 2006"]
[Source "ChessBase"]
[SourceDate "2005.11.24"]
[SourceVersion "1"]
[SourceVersionDate "2005.11.24"]
[SourceQuality "1"]

1. b3 Nf6 2. Bb2 e6 3. c4 Be7 4. Nf3 b6 5. e3 Bb7 6. Be2 c5 7. d3 d5 8. 0-0 Nbd7 9. Nbd2 Qc7 10. Rc1 0-0 11. h3 Rad8 12. Nh2 e5 13. cxd5 Nxd5 14. Ne4 N7f6 15. Nxf6+ Bxf6 16. a3 Qe7 17. Ng4 e4 18. Nxf6+ Nxf6 19. Qc2 Rfe8 20. Rfd1 Rd6 21. b4 cxb4 22. axb4 Rc8 23. Qa4 Rxc1 24. Bxc1 Ba8 25. d4 Nd5 26. Qb3 Rg6 27. Ba3 Qe6 28. Kh1 Bc6 29. Rg1 Qf6 30. Rf1 Qg5 31. Rg1 Bd7 32. Qb1 Nc3 33. Qe1 Nxe2 34. Qxe2 Bxh3 35. f4 exf3 36. Qxf3 Bc8 37. Rc1 Qh4+ 38. Kg1 h5 39. Rxc8+ Kh7 40. Qe2 Rf6 41. b5 Re6 42. Rc4 Qg5 43. Bc1 Qxb5 44. Qd3+ g6 45. Qf1 Qd7 46. Qf4 Re7 47. e4 1-0

[Event "Bad Sooden-Allendorf Seniors op 14th"]
[Site "Bad Sooden-Allendorf"]
[Date "2002.04.27"]
[Round "6"]
[White "Marzluf, Dieter"]
[Black "Hoenisch, Florian"]
[Result "1/2-1/2"]
[WhiteElo "1831"]
[BlackElo "1665"]
[PlyCount "46"]
[EventDate "2002.04.??"]
[EventType "swiss"]
[EventRounds "9"]
[EventCountry "GER"]
[SourceTitle "EXT 2006"]
[Source "ChessBase"]
[SourceDate "2005.11.24"]
[SourceVersion "1"]
[SourceVersionDate "2005.11.24"]
[SourceQuality "1"]

1. d4 d5 2. Bf4 Nf6 3. e3 e6 4. Nd2 b6 5. c3 Bb7 6. Ngf3 Nbd7 7. Be2 Be7 8. h3 c5 9. 0-0 0-0 10. g4 cxd4 11. exd4 Rc8 12. Bd3 g6 13. Qe2 Nb8 14. Ne5 Nc6 15. Ndf3 Nd7 16. Rae1 Re8 17. Bb5 Bf6 18. Nxd7 Qxd7 19. Be5 Bxe5 20. Nxe5 Qd6 21. Qf3 Re7 22. Bxc6 Bxc6 23. Qf6 Bb5 1/2-1/2